书目信息 |
| 题名: |
列宁全集俄文第五版注释选编
|
|
| 作者: | ;北京师范大学外语系翻译教研组 , 版本图书馆原翻译组 译 | |
| 分册: | ||
| 出版信息: | 北京 人民出版社 1985 |
|
| 页数: | 1194页 | |
| 开本: | 19cm | |
| 丛书名: | ||
| 单 册: | ||
| 中图分类: | A821.1 | |
| 科图分类: | ||
| 主题词: | 列宁著作研究--选集 | |
| 电子资源: | ||
| ISBN: | ||
| 000 | 00812nam0 2200229 45 | |
| 001 | 0185017866 | |
| 005 | 20050530095848.0 | |
| 010 | @b精装@dCNY7.25 | |
| 100 | @a19951011d1985 em y0chiy0121 ea | |
| 101 | 1 | @achi@crus |
| 102 | @aCN@b110000 | |
| 105 | @ay z 000yy | |
| 200 | 10 | @a列宁全集俄文第五版注释选编@Alie ning quan ji e wen di wu ban zhu shi xuan bian@f北京师范大学外语系翻译教研组,版本图书馆原翻译组译@FBei Jing Shi Fan Da Xue Wai Yu Xi Fan Yi Jiao Yan Zu,Ban Ben Tu Shu Guan Yuan Fan Yi Zu Yi |
| 210 | @a北京@c人民出版社@d1985 | |
| 215 | @a1194页@d19cm | |
| 606 | 0 | @a列宁著作研究@x选集 |
| 690 | @aA821.1@v3 | |
| 711 | 02 | @a北京师范大学外语系翻译教研组@4译 |
| 711 | 02 | @a版本图书馆原翻译组@4译 |
| 801 | 0 | @aCN@b深圳图书馆@c20031217 |
| 801 | 2 | @aCN@bNLC@c20031217 |
| 905 | @dA821.1@e9@f1@b158459 | |
| 列宁全集俄文第五版注释选编/北京师范大学外语系翻译教研组,版本图书馆原翻译组译.-北京:人民出版社,1985 |
| 1194页;19cm |
| ISBN (精装):CNY7.25 |
| ● |
| 相关链接 |
|
|
|
|
正题名:列宁全集俄文第五版注释选编
索取号:A821.1/9
 
预约/预借
| 序号 | 登录号 | 条形码 | 馆藏地/架位号 | 状态 | 备注 |
| 1 | 0158457 | 001726298 | 密集书库/ [索取号:A821.1/9] | 在馆 | |
| 2 | 0158458 | 000919634 | 第一借阅区/ [索取号:A821.1/9] | 在馆 | |
| 3 | 0158459 | 002047555 | 第一样本阅览室/ [索取号:A821.1/9] | 在馆 |